| 000 | 00615nam a22002297a 4500 | ||
|---|---|---|---|
| 001 | BS2023000523 | ||
| 003 | BR-BrBNA | ||
| 005 | 20231205134629.0 | ||
| 008 | 231205b bl.||||| |||| 00| 0 por d | ||
| 020 | _a85-7302-738-X | ||
| 040 |
_aBR-BrBNA _bpor |
||
| 041 | _apor | ||
| 072 | _aB51 | ||
| 100 |
_4aut. _aWilcken, Patrick |
||
| 245 |
_aImpério à deriva : _bA corte portuguesa no Rio de Janeiro, 1808-1821 |
||
| 260 |
_aRio de Janeiro, RJ _bEditora Objetiva _c2005 |
||
| 300 | _a326 p. | ||
| 650 | _aBRASIL - HISTÓRIA | ||
| 909 |
_a202312 _bAna Lívia |
||
| 942 | _cBK | ||
| 999 |
_c259812 _d259812 |
||